|
|
|
|
| LEADER |
01689nam a22003137a 4500 |
| 001 |
34821 |
| 003 |
BD-DhAAL |
| 005 |
20250922114540.0 |
| 008 |
190721r20031981bg ||||| |||| 00| 0 ben d |
| 020 |
|
|
|a 9844040126
|
| 040 |
|
|
|a BD-DhAAL
|c BD-DhAAL
|
| 041 |
|
|
|a ben
|
| 082 |
0 |
4 |
|a 891.44371
|2 23
|
| 100 |
|
|
|a ভট্টাচার্য, নিমাই.
|9 37752
|
| 245 |
1 |
0 |
|a মেমসাহেব /
|c নিমাই ভট্টাচার্য.
|
| 246 |
|
|
|a Memsaheb : a bengali novel
|
| 250 |
|
|
|a প্রথম সংস্করণ.
|
| 260 |
|
|
|a ঢাকা :
|b অনুপম প্রকাশনী,
|c ১৯৮১ [নবম মুদ্রণ ২০০৩].
|
| 300 |
|
|
|a ১৬০ পৃষ্ঠা ;
|c ২২ সে. মি.
|
| 526 |
|
|
|a Residential Campus
GenEd (Residential Campus)
|
| 541 |
|
|
|a Development Book Agency
|e 34821, 34987, 40696
|
| 650 |
|
|
|a Bengali fiction.
|9 21677
|
| 650 |
|
|
|a Bengali literature.
|
| 852 |
|
|
|a Savar Campus Library
|c General Stacks
|
| 942 |
|
|
|2 ddc
|c BK
|
| 999 |
|
|
|c 40906
|d 40906
|
| 952 |
|
|
|0 0
|1 0
|2 ddc
|4 0
|6 891_443710000000000_BHA
|7 0
|9 65668
|a SCL
|b SCL
|c GEN
|d 2019-07-17
|e Development Book Agency
|g 132.00
|l 16
|m 26
|o 891.44371 BHA
|p 3020034821
|r 2026-04-27
|s 2026-04-10
|t 1
|v 132.00
|w 2019-07-17
|y BK
|
| 952 |
|
|
|0 0
|1 0
|2 ddc
|4 0
|6 891_443710000000000_BHA
|7 0
|9 65838
|a BRACUL
|b BRACUL
|c GEN
|d 2019-07-24
|e Development Book Agency
|g 132.00
|l 13
|m 74
|o 891.44371 BHA
|p 3010034987
|q 2026-06-02
|r 2026-05-11
|s 2026-05-11
|t 2
|v 132.00
|w 2019-07-24
|y BK
|
| 952 |
|
|
|0 0
|1 0
|2 ddc
|4 0
|6 891_443710000000000_BHA
|7 0
|9 72782
|a SCL
|b SCL
|c GEN
|d 2023-01-05
|e Development Book Agency
|g 135.00
|l 4
|m 6
|o 891.44371 BHA
|p 3020040696
|q 2026-06-02
|r 2026-05-01
|s 2026-05-01
|t 3
|v 135.00
|w 2023-01-05
|y BK
|